[Event "2nd HD Bank Cup 2012"]
[Site "Ho Chi Minh City VIE"]
[Date "2012.03.04"]
[Round "4.31"]
[White "Xu Hanbing"]
[Black "Vasilyev,M"]
[Result "0-1"]
[WhiteElo "2328"]
[BlackElo "2270"]

1.Nf3 Nf6 2.c4 g6 3.Nc3 Bg7 4.e4 d6 5.d4 O-O 6.Be2 e5 7.O-O Nbd7 8.Re1 c6
9.Bf1 Re8 10.d5 c5 11.a3 Rf8 12.b4 b6 13.Bd3 h6 14.Nd2 Nh7 15.Qc2 Ndf6 16.bxc5 bxc5
17.Rb1 Nh5 18.g3 Ng5 19.Be2 f5 20.f3 Nh3+ 21.Kg2 f4 22.g4 Qh4 23.Rf1 Nf6
24.Qd1 Ng5 25.Kg1 h5 26.gxh5 Nh3+ 27.Kg2 Nxh5 28.Qe1 Qg5+ 29.Kh1 Kh7 30.Nb3 Rh8
31.Bd1 Kg8 32.Rb2 Qh6 33.Nb5 g5 34.Kg2 Qg6 35.Rh1 g4 36.Kf1 g3 37.Rg2 Ng5
38.h4 Nh3 39.Nc7 Rb8 40.Ne6 Bxe6 41.dxe6 Qxe6 42.Qc3 Nf2 43.Rxf2 gxf2 44.Kxf2 Ng3
45.Rh2 Bf6 46.h5 Rxh5 47.Rxh5 Nxh5 48.Ke2 Qh3 49.Kd3 Qf1+ 50.Kc2 Ng3 51.Nd2 Qf2
52.Qd3 Qd4 53.Nb3 Qxd3+ 54.Kxd3 Bd8 55.Bc2 Kf7 56.Bd2 Ke6 57.Bc3 Bc7  0-1

[Event "PriFO Champ RUS 2012"]
[Site "Tolyatti RUS"]
[Date "2012.03.04"]
[Round "7.5"]
[White "Tunik,G"]
[Black "Kalegin,E"]
[Result "1/2-1/2"]
[WhiteElo "2406"]
[BlackElo "2462"]

1.d4 Nf6 2.c4 g6 3.Nc3 Bg7 4.e4 d6 5.Nf3 O-O 6.Be2 e5 7.Be3 h6 8.dxe5 Ng4
9.Bd2 Nxe5 10.O-O Nbc6 11.Rc1 a6 12.b3 Bd7 13.Nd5 Nxf3+ 14.Bxf3 Nd4 15.Be3 c5
16.Bg4 Bc6 17.b4 b6 18.Re1 Bxd5 19.cxd5 Re8 20.Qd3 Qh4 21.bxc5 bxc5 22.h3 h5
23.Bd7 Rxe4 24.Kf1 f5 25.Bd2 Rd8 26.Be6+ Nxe6 27.dxe6 Bd4 28.Be3 Re8 29.Bxd4 Rxd4
30.Qxa6 Rd2 31.Re2 Rxe2 32.Qxe2 Qe4 33.Qb5 Rxe6 34.a4 Re7 35.Qb8+ Kf7 36.Qxd6 Qxa4
37.Qxc5 Qf4 38.Qc4+ Qxc4+ 39.Rxc4 Re6 40.g3 Kf6  1/2-1/2

[Event "2nd HD Bank Cup 2012"]
[Site "Ho Chi Minh City VIE"]
[Date "2012.03.06"]
[Round "8.28"]
[White "Cox,Tr"]
[Black "Gu Xiaobing"]
[Result "0-1"]
[WhiteElo "2096"]
[BlackElo "2257"]

1.d4 Nf6 2.c4 g6 3.Nc3 Bg7 4.e4 d6 5.Nf3 O-O 6.Be2 e5 7.O-O Na6 8.Be3 c6
9.dxe5 dxe5 10.Qxd8 Rxd8 11.Rfd1 Re8 12.c5 Nc7 13.h3 Nh5 14.Nd2 Nf4 15.Bf1 Nfe6
16.Nb3 f5 17.exf5 gxf5 18.f3 Kh8 19.Rac1 Rb8 20.Nb1 Nd5 21.Bf2 e4 22.fxe4 fxe4
23.Re1 e3 24.Bg3 Ra8 25.Nc3 Nef4 26.Nxd5 Nxd5 27.Bd3 Bxb2 28.Rc4 Be6 29.Rh4 Bg8
30.Nd4 Nf6 31.Bg6 Re7 32.Bd6 Rg7 33.Bd3 Bd5 34.Bf1 Bxd4 35.Rxd4 Re8 36.g3 Ne4
37.g4 h5 38.Be2 Nxd6 39.cxd6 Rd7 40.gxh5 Rxd6 41.Bg4 Rf6 42.Ra4 Rf2 43.Re2 Ref8
44.Rxa7 R8f4 45.Rxb7 Rxg4+ 46.hxg4 Rxe2 47.Re7 Bf3 48.Kf1 Bxg4 49.Re4 Bf3
50.Rf4 Rf2+ 51.Ke1 Bxh5 52.Rxf2 exf2+ 53.Kxf2 Kg7 54.a4 Bg4 55.a5 Bc8 56.Ke3 Kf6
57.Kd4 Ke6 58.Kc5 Kd7  0-1

[Event "Reykjavik Open"]
[Site "Reykjavik ISL"]
[Date "2012.03.06"]
[Round "1.45"]
[White "Fivelstad,Jon Olav"]
[Black "Aguera Naredo,J"]
[Result "0-1"]
[WhiteElo "1879"]
[BlackElo "2358"]

1.d4 g6 2.c4 Bg7 3.Nc3 Nf6 4.e4 d6 5.Nf3 O-O 6.Be2 Na6 7.O-O e5 8.Re1 Qe8
9.d5 Nc5 10.Bf1 a5 11.b3 Nh5 12.Be3 b6 13.Nb5 Qe7 14.Bg5 f6 15.Bd2 Qd8 16.a3 f5
17.Nc3 Nf6 18.Bg5 a4 19.Nd2 axb3 20.Nxb3 Nxb3 21.Qxb3 f4 22.Nb5 Rf7 23.a4 Ra5
24.Rec1 Qf8 25.Bxf6 Bxf6 26.Ra2 g5 27.Rac2 g4 28.Qb4 Bg5 29.c5 dxc5 30.Rxc5 f3
31.R1c2 fxg2 32.Kxg2 Be3 33.fxe3 Rxf1  0-1

[Event "Zagreb Open A"]
[Site "Zagreb CRO"]
[Date "2012.03.06"]
[Round "2.9"]
[White "Loncar,R"]
[Black "Spasov,V"]
[Result "1/2-1/2"]
[WhiteElo "2410"]
[BlackElo "2571"]

1.Nf3 Nf6 2.c4 g6 3.Nc3 Bg7 4.e4 d6 5.d4 O-O 6.Be2 e5 7.Be3 Ng4 8.Bg5 f6
9.Bc1 Nc6 10.d5 Nd4 11.Nxd4 exd4 12.Nb5 f5 13.O-O Ne5 14.exf5 d3 15.Bxd3 Nxd3
16.Qxd3 Bxf5 17.Qd1 Qf6 18.Nxc7 Rac8 19.Ne6 Bxe6 20.dxe6 Qxe6 21.Be3 b6 22.Bd4 Bxd4
23.Qxd4 Rxc4 24.Qd3 Re4 25.a3 Re2 26.b4 Rf7 27.h3  1/2-1/2

[Event "83rd ch-GER 2012"]
[Site "Osterburg GER"]
[Date "2012.03.07"]
[Round "6"]
[White "Svane,R"]
[Black "Alber,H"]
[Result "1-0"]
[WhiteElo "2401"]
[BlackElo "2340"]

1.d4 Nf6 2.c4 g6 3.Nc3 Bg7 4.e4 d6 5.Nf3 O-O 6.Be2 e5 7.Be3 Ng4 8.Bg5 f6
9.Bh4 Nc6 10.d5 Ne7 11.Nd2 Nh6 12.f3 f5 13.O-O f4 14.b4 Bf6 15.Bf2 g5 16.c5 Bd7
17.Nc4 Nc8 18.Na5 Rb8 19.c6 bxc6 20.dxc6 Be6 21.Nd5 Nb6 22.Nb7 Qc8 23.Bxb6 axb6
24.Ba6 Ra8 25.Nxd6 Qb8 26.Nb5 Rxa6 27.Nbxc7 Qc8 28.Nxe6 Qxe6 29.Nc7 Qc8 30.Nxa6 Qxa6
31.Qb3+ Kg7 32.b5 Qc8 33.Rfd1 Rf7 34.Rd6 Qf8 35.Rad1 Be7 36.Rd7 Bc5+ 37.Kh1 Bd4
38.Qe6 Qc5 39.c7 Qc2 40.Qb3 Qc5 41.Qd5 Qc2 42.Rxd4 exd4 43.Qxg5+  1-0

[Event "6th Agzamov Memorial"]
[Site "Tashkent UZB"]
[Date "2012.03.07"]
[Round "2"]
[White "Mchedlishvili,M"]
[Black "Alikulov,Elbek"]
[Result "1-0"]
[WhiteElo "2626"]
[BlackElo "2283"]

1.d4 Nf6 2.Nf3 g6 3.c4 Bg7 4.Nc3 O-O 5.e4 d6 6.Be2 e5 7.Be3 Ng4 8.Bg5 f6
9.Bh4 Nc6 10.d5 Ne7 11.Nd2 Nh6 12.f3 g5 13.Bf2 f5 14.h3 Ng6 15.g4 fxg4 16.hxg4 Nf4
17.Rh2 a6 18.Qc2 Nf7 19.Nf1 h5 20.gxh5 Nh6 21.Ne3 Qf6 22.Ng4 Bxg4 23.fxg4 Nxe2
24.Qxe2 Qf3 25.Qxf3 Rxf3 26.Ke2 Rf4 27.Bg3 Rxg4 28.Rg1 b5 29.cxb5 axb5 30.a3 Rb8
31.Kf3 Kh7 32.Rc2 Rf8+ 33.Ke2 Ng8 34.Bf2 Nf6 35.Rxg4 Nxg4 36.Ba7 Rf4 37.Nxb5 Rxe4+
38.Kd3 Nf6 39.Rxc7 Rh4 40.Nxd6 Nxd5 41.Rxg7+ Kxg7 42.Nf5+ Kf6 43.Nxh4 gxh4
44.Bg1 Kf5 45.h6 Nf4+ 46.Kc4 Kg6 47.Bh2 Kxh6 48.b4 Kg5 49.b5 e4 50.Bxf4+ Kxf4
51.b6 e3 52.b7 e2 53.b8=Q+ Kf3 54.Qe5 Kf2 55.Qf4+  1-0

[Event "12th Mediterranean Flower WGM"]
[Site "Rijeka CRO"]
[Date "2012.03.08"]
[Round "8"]
[White "Srebrnic,A"]
[Black "Agrest,I"]
[Result "0-1"]
[WhiteElo "2191"]
[BlackElo "2180"]

1.Nf3 Nf6 2.c4 g6 3.Nc3 Bg7 4.e4 d6 5.d4 O-O 6.Be2 Nbd7 7.O-O e5 8.Qc2 Nh5
9.Rd1 Nf4 10.Bf1 c5 11.d5 Nf6 12.g3 Bg4 13.Bg2 Nxg2 14.Kxg2 Qd7 15.Rd3 Nxe4
16.Nxe4 f5 17.Rb3 fxe4 18.Qxe4 Rf6 19.Ng1 Raf8 20.f3 Bf5 21.Qh4 Qa4 22.Rc3 Qd1
23.Qg5 e4 24.Qd2 exf3+ 25.Nxf3 Qa4 26.Ng5 h6 27.Ne6 Bxe6  0-1

[Event "Zagreb Open A"]
[Site "Zagreb CRO"]
[Date "2012.03.08"]
[Round "4.6"]
[White "Sebenik,M"]
[Black "Dvirnyy,D"]
[Result "1-0"]
[WhiteElo "2529"]
[BlackElo "2507"]

1.Nf3 Nf6 2.c4 g6 3.Nc3 Bg7 4.e4 d6 5.d4 O-O 6.Be2 e5 7.d5 Nh5 8.g3 Na6 9.O-O Bf6
10.Be3 Bh3 11.Re1 Be7 12.Qd2 Ng7 13.Red1 Bg4 14.Ne1 Bxe2 15.Qxe2 f5 16.Nd3 fxe4
17.Nxe4 Qd7 18.f3 Nf5 19.Bf2 Rae8 20.Rac1 c5 21.dxc6 bxc6 22.Nxe5 Qb7 23.Ng4 Nc7
24.Qc2 c5 25.Qc3 Ne6 26.Rd5 Nfd4 27.Bxd4 cxd4 28.Rxd4 h5 29.Rxd6 Bxd6 30.Ngf6+ Rxf6
31.Nxf6+ Kf7 32.Nxe8 Kxe8 33.Rd1 Be7 34.a3 Kf7 35.b4 Bf6 36.Qe3 h4 37.Kg2  1-0

[Event "European Ind w 2012"]
[Site "Gaziantep TUR"]
[Date "2012.03.09"]
[Round "7"]
[White "Ivakhinova,I"]
[Black "Skripchenko,A"]
[Result "0-1"]
[WhiteElo "2285"]
[BlackElo "2468"]

1.d4 Nf6 2.c4 g6 3.Nc3 Bg7 4.e4 d6 5.Be2 O-O 6.Nf3 e5 7.Be3 Ng4 8.Bg5 f6
9.Bh4 Nc6 10.d5 Ne7 11.Nd2 f5 12.Bxg4 fxg4 13.Bg5 h6 14.Be3 c5 15.Rb1 g5
16.b4 b6 17.bxc5 bxc5 18.Qa4 a6 19.O-O Ng6 20.Qc6 Bd7 21.Qb7 Rf7 22.Qb6 Qf8
23.Qc7 Be8 24.Qa5 Bf6 25.Qa3 Bd8 26.Na4 Nf4 27.Rfe1 h5 28.Nc3 h4 29.Rf1 Qh6
30.Qb3 Ba5 31.Rbc1 Bd7 32.Qd1 Raf8 33.Rc2 g3 34.hxg3 h3 35.Bxf4 hxg2 36.Kxg2 Qh3+
37.Kg1 Rh7  0-1

[Event "TCh-SVK Extraliga 2011-12"]
[Site "Slovakia SVK"]
[Date "2012.03.09"]
[Round "9.7"]
[White "Banas,K"]
[Black "Bezuch,M"]
[Result "1-0"]
[WhiteElo "2222"]
[BlackElo "2210"]

1.d4 g6 2.c4 Bg7 3.Nc3 d6 4.e4 Nd7 5.Nf3 e5 6.Be2 Ngf6 7.O-O O-O 8.Be3 Ng4
9.Bg5 f6 10.Bd2 Nh6 11.Qc2 Nf7 12.Rad1 h5 13.b4 g5 14.Be3 f5 15.exf5 g4 16.Ne1 exd4
17.Bxd4 Bxd4 18.Rxd4 Qf6 19.Qd2 c5 20.Rf4 Nfe5 21.f3 cxb4 22.Nd5 Qh6 23.fxg4 hxg4
24.Nc7 Rb8 25.Bxg4 Nb6 26.Qd4 Nbxc4 27.Be2 Nb6 28.f6 Rf7 29.Qxd6 Ng6 30.R4f3 Bg4
31.Nd5 Re8 32.Nxb6 Bxf3 33.Nxf3 Rxe2 34.Nd5 Ne5 35.Nxe5 Qg5 36.Ne7+ Rxe7
37.Qd5+ Kh7 38.Qd3+ Kg8 39.Qd8+ Kh7 40.Qxe7+  1-0

[Event "TCh-SVK Extraliga 2011-12"]
[Site "Slovakia SVK"]
[Date "2012.03.10"]
[Round "10.7"]
[White "Hanko,P"]
[Black "Borik,J"]
[Result "0-1"]
[WhiteElo "2138"]
[BlackElo "2198"]

1.d4 Nf6 2.Nf3 d6 3.c4 g6 4.Nc3 Bg7 5.e4 O-O 6.Be2 e5 7.Be3 Nc6 8.d5 Ne7
9.Nd2 Ne8 10.b4 f5 11.f3 Kh8 12.c5 Ng8 13.Nc4 Bh6 14.Qd2 Qh4+ 15.g3 Qh3 16.Bxh6 Qxh6
17.O-O-O Qg7 18.Bd3 Bd7 19.Kb1 a5 20.c6 bxc6 21.dxc6 Bxc6 22.Nxa5 Bd7 23.Nd5 Ngf6
24.Rc1 fxe4 25.Bxe4 Nxd5 26.Bxd5 Rb8 27.Nb3 Nf6 28.Bc6 Be6 29.b5 Nd7 30.Qc3 Nb6
31.Rhe1 Rf7 32.Qb4 d5 33.Rf1 Rbf8 34.Nd2 Bf5+ 35.Ka1 e4+ 36.Qb2 Qxb2+ 37.Kxb2 e3
38.Nb3 Bh3 39.Rfe1 Rxf3 40.Kc3 e2+ 41.Kb4 Re3 42.Nc5 d4 43.a4 Rd8 44.Rc2 d3
45.Rd2 Rd4+ 46.Kb3 Rc4 47.Rxd3 Rxd3+ 48.Nxd3 Be6 49.Kb2 Nxa4+ 50.Ka1 Rc3
51.Nf4 Bc4 52.Kb1 Ra3 53.Kc1 Ra2 54.Bd5 Ra1+ 55.Kd2 Rd1+ 56.Ke3 Rxe1 57.Bxc4 Rb1
58.Bxe2 Nc3 59.Bd3 Rb2 60.Ne6 Nxb5 61.Bxb5 Rxb5 62.Nxc7 Rc5 63.Na6 Rc4 64.Kd3 Ra4
65.Nc5 Ra2  0-1

[Event "36th Blackpool Open"]
[Site "Blackpool ENG"]
[Date "2012.03.11"]
[Round "4"]
[White "Combie,A"]
[Black "Hanley,Ja"]
[Result "0-1"]
[WhiteElo "2039"]
[BlackElo "2244"]

1.d4 Nf6 2.c4 g6 3.Nc3 Bg7 4.e4 d6 5.Nf3 O-O 6.Be2 e5 7.d5 a5 8.Bg5 h6 9.Bh4 Na6
10.Nd2 Qe8 11.O-O Nh7 12.a3 f5 13.exf5 gxf5 14.f4 e4 15.Re1 Nc5 16.Nb3 b6
17.Nb5 Nxb3 18.Qxb3 Qf7 19.Nc3 Bd7 20.Qd1 Nf6 21.Bf2 Kh7 22.Bd4 Rg8 23.Kh1 Bh8
24.Rc1 Qg7 25.g3 Qf7 26.b4 axb4 27.axb4 Bg7 28.c5 bxc5 29.bxc5 dxc5 30.Bxc5 Rgd8
31.Bd4 Be8 32.Bxf6 Bxf6 33.Bb5 c6 34.Bf1 cxd5 35.Bb5 d4 36.Bxe8 Qxe8 37.Ne2 d3
38.Rc7+ Kh8 39.Ng1 d2 40.Rf1 Ra1  0-1

[Event "TCh-FIN SM-Liiga 2011-12"]
[Site "Helsinki FIN"]
[Date "2012.03.11"]
[Round "10.7"]
[White "Kytoniemi,J"]
[Black "Paakkonen,T"]
[Result "1/2-1/2"]
[WhiteElo "2283"]
[BlackElo "2277"]

1.d4 Nf6 2.c4 g6 3.Nc3 Bg7 4.e4 d6 5.Nf3 O-O 6.Be2 e5 7.Be3 Qe7 8.d5 Ng4
9.Bg5 f6 10.Bh4 h5 11.Nd2 Nh6 12.f3 Nf7 13.Qc2 Bh6 14.O-O a5 15.a3 Na6 16.Rab1 Be3+
17.Bf2 Bxf2+ 18.Rxf2 c5 19.Na4 Qc7 20.Qb3 h4 21.Nb6 Ra7 22.Nxc8 Rxc8 23.f4 Kg7
24.Rbf1 Rf8 25.Qh3 Qe7 26.Qxh4 b6 27.f5 g5 28.Qg3 Rh8 29.Qb3 Qb7 30.Nb1 Nc7
31.Nc3 Qa6 32.Qa4 Qb7 33.Rb1 Qa6 34.Bd1 Rb7 35.Qc6 Qa8 36.Qa4 Rbb8 37.g3 Rb7
38.Rg2 Qa6 39.Be2 Qa8 40.h4 Qe8 41.Qd1 Kf8 42.Rh2 Ke7 43.Bh5 gxh4 44.Rxh4 Rg8
45.Bg6 Rg7 46.b4 axb4 47.axb4 Qa8 48.Ra1 Ra7 49.Rxa7 Qxa7 50.Qa4 Qxa4 51.Nxa4 cxb4
52.Bxf7 Rxf7 53.Nxb6 Na6 54.Na4 Nc5 55.Nxc5 dxc5 56.Rh8 Kd6 57.Rb8 Ra7 58.Kf2 Ra2+
59.Ke3 Ra3+ 60.Kd2 Rc3 61.g4 Rxc4 62.Rb6+ Ke7 63.Rb7+ Ke8 64.Ke3 Rc3+ 65.Kd2 Rc4
66.Kd3 Rc3+ 67.Kd2 Rc4 68.Kd3 Rc3+  1/2-1/2

[Event "TCh-HUN 2011-12"]
[Site "Mako HUN"]
[Date "2012.03.11"]
[Round "7"]
[White "Csonka,B"]
[Black "Soos,A"]
[Result "1/2-1/2"]
[WhiteElo "2289"]
[BlackElo "2394"]

1.d4 Nf6 2.c4 g6 3.Nc3 Bg7 4.e4 d6 5.Nf3 O-O 6.Be2 e5 7.Be3 Nbd7 8.d5 a5
9.Nd2 Nc5 10.a3 b6 11.b4 Nb7 12.Nb3 Ne8 13.c5 bxc5 14.bxc5 Nxc5 15.Nxc5 dxc5
16.Bxc5 Nd6 17.O-O f5 18.Qc2 fxe4 19.Nxe4 Rf4 20.Nxd6 cxd6 21.Be3 Rf7 22.Rab1 Bf5
23.Bd3 Rc7 24.Qd2 Qc8 25.Rfc1 a4 26.h3 Rb8 27.Rxb8 Qxb8 28.Rc6 e4 29.Ba6 Be5
30.Qc2 Re7 31.Bc8 Qb3 32.Bxf5 gxf5 33.Rc8+ Kg7 34.Qd2 Qb1+ 35.Rc1 Qb7 36.Bh6+ Kf7
37.Qg5 Qd7 38.Rb1 Qc8 39.Qh5+ Kg8 40.Qg5+ Kf7 41.g3 Bf6 42.Qh5+ Kg8 43.Bf4 Be5
44.Bxe5 dxe5 45.Qg5+ Rg7 46.Qf6 e3 47.Qxe5 exf2+ 48.Kg2 Rb7 49.Rxb7 Qxb7
50.Kxf2 Qb6+ 51.Qe3 Qb2+ 52.Kf3 Qb3 53.Kf4 Qxd5 54.Qe8+ Kg7 55.Qxa4 Qd2+
56.Kxf5 Qd5+ 57.Kf4 Qd2+ 58.Kg4 Qe2+ 59.Kg5 Qe5+ 60.Kg4 Qe2+ 61.Kg5 Qe5+
62.Kg4  1/2-1/2

[Event "ch-Moscow Final 2012"]
[Site "Moscow RUS"]
[Date "2012.03.11"]
[Round "2"]
[White "Kachar,V"]
[Black "Novikov,St1"]
[Result "0-1"]
[WhiteElo "2326"]
[BlackElo "2552"]

1.d4 Nf6 2.c4 g6 3.Nc3 Bg7 4.e4 d6 5.Nf3 O-O 6.Be2 Na6 7.O-O e5 8.Re1 c6
9.Bf1 exd4 10.Nxd4 Ng4 11.Nf3 Qb6 12.Qd2 Be6 13.Na4 Qc7 14.Nc3 Ne5 15.Nxe5 dxe5
16.Qc2 f5 17.a3 Qf7 18.b3 f4 19.f3 Nc7 20.Nd1 Qe7 21.Nf2 Bf7 22.Bb2 Ne6 23.b4 Rfd8
24.Rad1 a5 25.c5 axb4 26.axb4 Rxd1 27.Rxd1 Nd4 28.Bxd4 exd4 29.Bc4 Ra3 30.Nd3 Rc3
31.Bxf7+ Qxf7 32.Qe2 Qb3 33.g3 fxg3 34.hxg3 Kf7 35.Kg2 h5 36.Rd2 Ke7 37.e5 Bh6
38.f4 Qd5+ 39.Qf3 Ke6 40.Qxd5+ Kxd5 41.e6 Kxe6 42.Ne5 h4 43.Rxd4 Rxg3+ 44.Kf2 Bxf4
45.Rxf4 Kxe5 46.Rxh4 Rb3 47.Rg4 Kf5 48.Rd4 g5 49.Kg2 g4 50.Kh2 Kg5  0-1

[Event "Zagreb Open A"]
[Site "Zagreb CRO"]
[Date "2012.03.12"]
[Round "9.11"]
[White "Zufic,M"]
[Black "Fercec,N"]
[Result "1/2-1/2"]
[WhiteElo "2435"]
[BlackElo "2466"]

1.d4 Nf6 2.c4 g6 3.Nc3 Bg7 4.e4 d6 5.Nf3 O-O 6.Be2 e5 7.d5 a5 8.O-O Na6 9.Ne1 Nc5
10.f3 Bd7  1/2-1/2

[Event "Zagreb Open A"]
[Site "Zagreb CRO"]
[Date "2012.03.12"]
[Round "9.1"]
[White "Jankovic,A"]
[Black "Kozul,Z"]
[Result "1/2-1/2"]
[WhiteElo "2553"]
[BlackElo "2602"]

1.d4 Nf6 2.Nf3 g6 3.c4 Bg7 4.Nc3 O-O 5.e4 d6 6.Be2 e5 7.O-O Nbd7 8.Be3 c6
9.d5 c5 10.Ne1 Kh8 11.Nd3 Ng8 12.Qd2 f5 13.f4 g5 14.fxg5 f4 15.Bf2 a6 16.b4 cxb4
17.Na4 b5 18.Nab2 Qxg5 19.Bf3 Ndf6 20.Qxb4 Nxe4 21.Bxe4 Nf6 22.c5 Nxe4 23.Qxe4 Bf5
24.Qf3 Bg4 25.Qe4 Bf5 26.Qf3 Bg4  1/2-1/2

[Event "Reykjavik Open"]
[Site "Reykjavik ISL"]
[Date "2012.03.13"]
[Round "9.46"]
[White "Bjornsson,E"]
[Black "Dougherty,M"]
[Result "0-1"]
[WhiteElo "2000"]
[BlackElo "2195"]

1.d4 Nf6 2.c4 g6 3.Nc3 Bg7 4.e4 d6 5.Be2 O-O 6.Nf3 e5 7.O-O exd4 8.Nxd4 Re8
9.f3 Nc6 10.Nc2 Nh5 11.f4 Bxc3 12.bxc3 Nf6 13.e5 dxe5 14.Qxd8 Rxd8 15.fxe5 Ne4
16.Bf3 Nd2 17.Bxd2 Rxd2 18.Bxc6 Rxc2 19.Bd5 Be6 20.Rfc1 Rxc1+ 21.Rxc1 Re8
22.Rb1 b6 23.Re1 Bd7 24.Kf2 Kf8 25.Re3 c6 26.Bf3 Re7 27.h4 h5 28.Kg3 Be6
29.Bxc6 Bxc4 30.a3 Rc7 31.Ba8 Be6 32.Rd3 Rc4 33.Bb7 Rg4+ 34.Kf2 Rxh4 35.Rd4 Rh1
36.Ra4 a5 37.Rd4 Rc1 38.Rd6 Rxc3 39.Rxb6 Rxa3 40.Bc6 Rc3 41.Rb8+ Kg7  0-1

[Event "ch-CZE U20 2012"]
[Site "Kouty nad Desnou CZE"]
[Date "2012.03.14"]
[Round "7"]
[White "Bures,J"]
[Black "Kriebel,T"]
[Result "0-1"]
[WhiteElo "2405"]
[BlackElo "2333"]

1.d4 Nf6 2.c4 g6 3.Nc3 Bg7 4.e4 d6 5.Nf3 O-O 6.Be2 e5 7.O-O Nbd7 8.Be3 c6
9.d5 c5 10.Ne1 Ne8 11.g4 Kh8 12.Kh1 f5 13.gxf5 gxf5 14.exf5 Nb6 15.Nf3 Bxf5
16.Ng5 Nf6 17.Rg1 Qe7 18.b3 Nbd7 19.Qd2 e4 20.Ne6 Bxe6 21.dxe6 Qxe6 22.Rad1 Rad8
23.Bh6 Bxh6 24.Qxh6 Rg8 25.Nd5 Rdf8 26.Nf4 Ng4 27.Qxe6 Nxf2+  0-1

[Event "European Ind w Rapid 2012"]
[Site "Gaziantep TUR"]
[Date "2012.03.15"]
[Round "3"]
[White "Batsiashvili,N"]
[Black "Skripchenko,A"]
[Result "1-0"]
[WhiteElo "2438"]
[BlackElo "2468"]

1.d4 g6 2.c4 Bg7 3.Nc3 d6 4.e4 Nf6 5.Nf3 O-O 6.Be2 e5 7.O-O Na6 8.Re1 Qe8
9.Bf1 Bg4 10.dxe5 dxe5 11.h3 Bxf3 12.Qxf3 c6 13.Be3 Qe7 14.a3 Nc7 15.Rad1 Ne6
16.Rd2 Nd7 17.Qd1 Rfd8 18.b4 Ndf8 19.c5 Rxd2 20.Qxd2 Rd8 21.Qc1 Nd4 22.Bc4 Nfe6
23.Ne2 h5 24.Qb2 Bf6 25.Qa2 Kg7 26.Nc1 Rd7 27.Nd3 Nc7 28.f4 Bh4 29.Rf1 exf4
30.Rxf4 Bg5 31.Bxd4+ f6 32.Qb2 Bxf4 33.Nxf4 Qxe4 34.Bxf6+ Kh7 35.Qc1 Nd5
36.Nxd5 cxd5 37.Bb5 Rf7 38.Bg5 d4 39.Qd2 a6 40.Bd3 Qe5 41.Bh4 Qe3+ 42.Qxe3 dxe3
43.Bg5 Rd7 44.Be2 Rd2 45.Kf1 Ra2 46.Bxe3 Rxa3 47.Bd2 Ra2 48.Be1 a5 49.bxa5 Rc2
50.Bf3  1-0

[Event "European Ind w Rapid 2012"]
[Site "Gaziantep TUR"]
[Date "2012.03.15"]
[Round "3"]
[White "Guramishvili,S"]
[Black "Kosintseva,N"]
[Result "1/2-1/2"]
[WhiteElo "2395"]
[BlackElo "2535"]

1.d4 Nf6 2.c4 g6 3.Nc3 Bg7 4.e4 d6 5.Be2 O-O 6.Be3 e5 7.Nf3 exd4 8.Nxd4 Re8
9.f3 c6 10.Bf2 d5 11.exd5 cxd5 12.c5 Nc6 13.O-O Re5 14.Re1 Bd7 15.Qd2 Qf8
16.Ndb5 d4 17.Nxd4 Rd8 18.Nxc6 Bxc6 19.Qc2 Nh5 20.Bf1 Rxc5 21.Rad1 Ra5 22.Rxd8 Qxd8
23.b4 Re5 24.Rxe5 Bxe5 25.b5 Be8 26.Ne4 b6 27.Qd2 Qc7 28.g3 Nf6 29.Nxf6+ Bxf6
30.Qd5 Bd7 31.Bc4 Bc8 32.Qd3 Bb7 33.Qb3 Kg7 34.a4 Bxf3 35.Qxf3 Qxc4 36.Qd1 h5
37.Kg2 Qe4+ 38.Kg1 Qc4 39.Kg2 Be5 40.Kg1 Kh7 41.Qd7 Qc7 42.Qd5 Kg7 43.Kg2 Bf6
44.Qe4 Qe7 45.Qc6 Qe2 46.Qf3 Qc2 47.Qf4 Be7 48.Qe5+ Bf6 49.Qf4 g5 50.Qb4 g4
51.Qf4 Kg6 52.Kg1 Qd1+ 53.Kg2 Qc2 54.Kg1 Qd1+ 55.Kg2 Qd5+ 56.Kg1 Be5 57.Qb4 Bd6
58.Qb1+ f5 59.Qe1 Be5 60.Qc1 Bf6 61.Qc8 Qd8 62.Qc4 Qe8 63.a5 bxa5 64.Bxa7 Qe1+
65.Kg2 h4 66.gxh4 Qd2+ 67.Kg1 Qd1+ 68.Kg2 Qd2+ 69.Kg1 Qd1+ 70.Kg2 Qf3+ 71.Kg1 Qd1+
72.Kg2 Qf3+ 73.Kg1 Qd1+ 74.Kg2  1/2-1/2

[Event "European Ind w Rapid 2012"]
[Site "Gaziantep TUR"]
[Date "2012.03.15"]
[Round "4"]
[White "Savina,A"]
[Black "Paehtz,E"]
[Result "0-1"]
[WhiteElo "2325"]
[BlackElo "2459"]

1.d4 g6 2.c4 Bg7 3.e4 d6 4.Nc3 Nf6 5.Nf3 O-O 6.Be2 e5 7.O-O Nbd7 8.Be3 h6
9.d5 Ng4 10.Bd2 f5 11.Ne1 Ngf6 12.f3 a5 13.Nd3 h5 14.Be3 b6 15.a3 Ba6 16.exf5 Bxc4
17.fxg6 Qe8 18.Nf2 Bxe2 19.Qxe2 Qxg6 20.b4 e4 21.fxe4 axb4 22.axb4 Rxa1 23.Rxa1 Ng4
24.Nxg4 hxg4 25.Rc1 Ne5 26.Kh1 Rf7 27.Bg1 Bh6 28.Rf1 Rh7 29.Qa6 Qe8 30.Ne2 Bd2
31.b5 Nd7 32.Qa2 Bg5 33.Ng3 Bf6 34.Rf4 Rg7 35.Nf5 Rg6 36.Rxg4 Rxg4 37.Nh6+ Kg7
38.Nxg4 Qxe4 39.Nxf6 Nxf6 40.Qa7 Nxd5 41.Bxb6 Qc4 42.Bg1 Qxb5 43.Qd4+ Kf7
44.h4 Nf6 45.Qf4 Qe5 46.Qxe5 dxe5 47.Kh2 Kg6 48.Kh3 Kf5 49.Ba7 c6 50.Kg3 c5
51.Kf3 c4 52.Be3 e4+ 53.Ke2 Kg4 54.Bg5 Nd5 55.Kd2 Kh5 56.Ke2 c3 57.Kd1 e3
58.g3 Kg4 59.Bd8 Kf3 60.Ba5 e2+ 61.Ke1 Ne3 62.Bxc3 Ng2+  0-1

[Event "European Ind w Rapid 2012"]
[Site "Gaziantep TUR"]
[Date "2012.03.15"]
[Round "5"]
[White "Lahno,Kateri"]
[Black "Bodnaruk,A"]
[Result "1-0"]
[WhiteElo "2546"]
[BlackElo "2412"]

1.Nf3 Nf6 2.c4 g6 3.Nc3 Bg7 4.e4 d6 5.d4 O-O 6.Be2 e5 7.O-O Nbd7 8.Qc2 Nh5
9.Rd1 Nf4 10.Bf1 c5 11.dxe5 dxe5 12.Bxf4 exf4 13.Nd5 g5 14.h3 Rb8 15.Rd2 f6
16.Rad1 Qe8 17.Qa4 Ne5 18.Qxa7 Nc6 19.Qxc5 Qxe4 20.Bd3 Qe8 21.Nb6 Be6 22.Bf5 Bxf5
23.Qxf5 Rf7 24.Rd7 Rxd7 25.Rxd7 Rd8 26.Rxb7 Ne5 27.Nd5 Nd7 28.c5 Kh8 29.c6 Nc5
30.Rxg7 Kxg7 31.Qxf6+  1-0

[Event "ch-Moscow Final 2012"]
[Site "Moscow RUS"]
[Date "2012.03.15"]
[Round "6"]
[White "Tilicheev,V"]
[Black "Novikov,St1"]
[Result "0-1"]
[WhiteElo "2366"]
[BlackElo "2552"]

1.d4 Nf6 2.c4 g6 3.Nc3 Bg7 4.e4 d6 5.Nf3 O-O 6.Be2 Na6 7.O-O e5 8.Be3 h6
9.dxe5 Ng4 10.Bf4 Nxe5 11.Qc1 Kh7 12.Rd1 Qe8 13.c5 Nxc5 14.Nd5 Qc6 15.Bxe5 dxe5
16.Qe3 b6 17.b4 Ne6 18.Rac1 Qb7 19.b5 a6 20.bxa6 Qb8 21.Qb3 Bxa6 22.Bxa6 Rxa6
23.Nb4 Ra8 24.Nxe5 Bxe5 25.Nc6 Bxh2+ 26.Kxh2 Qe8 27.Ne5 Nd4 28.Qg3 Ne2 29.Ng4 Nxg3
30.Nf6+ Kg7 31.Nxe8+ Rfxe8 32.Kxg3 c5 33.Rd6 Rxa2 34.Rxb6 Rxe4 35.Rb3 Re5
36.Rf3 Ra6 37.Rc2 Rc6 38.Rfc3 Rd5 39.Rc4 h5 40.Ra4 g5 41.Rc3 Rf6 42.f3 Kg6
43.Rac4 Rc6 44.Rc2 f5 45.f4 h4+ 46.Kh3 Rd3+ 47.Kh2 g4 48.Rxc5 Rxc5 49.Rxc5 Rd1
50.g3 Rd2+ 51.Kg1 hxg3 52.Rc6+ Kf7 53.Rc5 Ke6 54.Re5+ Kf6 55.Re8 Rf2 56.Rf8+ Kg6
57.Rg8+ Kf7 58.Ra8 Rxf4 59.Kg2 Rf3 60.Ra7+ Kf6 61.Ra6+ Kg5 62.Ra8 Rb3 63.Rc8 Rb2+  0-1

[Event "e2e4 High Wycombe Open"]
[Site "High Wycombe ENG"]
[Date "2012.03.16"]
[Round "1"]
[White "Wells,P"]
[Black "Lane,PC"]
[Result "1-0"]
[WhiteElo "2499"]
[BlackElo "2050"]

1.d4 Nf6 2.c4 g6 3.Nc3 Bg7 4.e4 d6 5.Nf3 O-O 6.Be2 e5 7.Be3 Nc6 8.d5 Ne7
9.Nd2 c5 10.g4 h6 11.h4 Nh7 12.g5 h5 13.Qc2 Bd7 14.a3 Qa5 15.b4 Qc7 16.Nb5 Bxb5
17.cxb5 Rfc8 18.bxc5 dxc5 19.Nc4  1-0

[Event "TCh-CAT 2012"]
[Site "Catalunya ESP"]
[Date "2012.03.17"]
[Round "8.4"]
[White "Cruz,Cr"]
[Black "Bergez,L"]
[Result "0-1"]
[WhiteElo "2508"]
[BlackElo "2430"]

1.d4 Nf6 2.c4 g6 3.Nc3 Bg7 4.e4 O-O 5.Be2 d6 6.Nf3 e5 7.d5 a5 8.g3 Na6 9.Nh4 Bh3
10.Bg5 h6 11.Be3 c6 12.Qd2 cxd5 13.cxd5 g5 14.Nf5 Nxe4 15.Nxh6+ Bxh6 16.Nxe4 Bg2
17.f3 Bxh1 18.O-O-O Bg2 19.h4 Nb4 20.hxg5 Bg7 21.Rg1 Bh3 22.g4 Rc8+ 23.Kb1 Rc2
24.Qd1 Nxd5 25.Qxc2 Nxe3 26.Qb3 Ng2 27.Rd1 Nf4 28.Rxd6 Qc7 29.Bb5 Rd8 30.Rxd8+ Qxd8
31.Bc4 Qe7 32.a3 Bg2 33.Qc3 Qd7 34.Ka2 b5 35.Bxb5 Qxb5 36.Qc8+ Bf8 37.Nf6+ Kg7
38.Ne8+ Kh8 39.Nf6 Qc5 40.Qf5 Ng6 41.Qd3 Qc6 42.Ne4 Nf4 43.Qe3 Qc4+ 44.Ka1 Qf1+  0-1

[Event "e2e4 High Wycombe Open"]
[Site "High Wycombe ENG"]
[Date "2012.03.17"]
[Round "3"]
[White "Savage,Nicholas W"]
[Black "Taylor,Adam C"]
[Result "1/2-1/2"]
[WhiteElo "2072"]
[BlackElo "1865"]

1.d4 Nf6 2.c4 g6 3.Nc3 Bg7 4.e4 d6 5.Be2 O-O 6.Nf3 e5 7.d5 Ne8 8.h4 h6 9.h5 g5
10.Be3 f5 11.exf5 Bxf5 12.Nd2 Nf6 13.g4 Bh7 14.f3 c5 15.O-O Qe7 16.Nde4 Nxe4
17.fxe4 Nd7  1/2-1/2

[Event "e2e4 High Wycombe Open"]
[Site "High Wycombe ENG"]
[Date "2012.03.17"]
[Round "3"]
[White "Dixit,Kumar"]
[Black "Lane,PC"]
[Result "1/2-1/2"]
[WhiteElo "1846"]
[BlackElo "2050"]

1.d4 Nf6 2.Nf3 g6 3.c4 Bg7 4.Nc3 d6 5.e4 O-O 6.Be2 e5 7.d5 Nbd7 8.Bg5 h6
9.Bh4 g5 10.Bg3 Nxe4 11.Nxe4 f5 12.Nfd2 fxe4 13.Nxe4 Nf6 14.Bd3 Nxe4 15.Bxe4 Qf6
16.f3 Bf5 17.O-O Qg6 18.Qe2 h5 19.Bxf5 Rxf5 20.Qe4 Raf8 21.Rae1 g4 22.Qb1 R8f6
23.fxg4 hxg4 24.Rxf5 Qxf5 25.Qxf5 Rxf5 26.Rf1 Rxf1+ 27.Kxf1 Kf7 28.Ke2 Kg6
29.Kd3 Kf5 30.b3 Bf6 31.b4  1/2-1/2

[Event "ch-Moscow Final 2012"]
[Site "Moscow RUS"]
[Date "2012.03.17"]
[Round "8"]
[White "Dubov,Danii"]
[Black "Novikov,St1"]
[Result "1-0"]
[WhiteElo "2536"]
[BlackElo "2552"]

1.d4 Nf6 2.c4 g6 3.Nc3 Bg7 4.e4 d6 5.Nf3 O-O 6.Be2 Nbd7 7.O-O e5 8.Re1 c6
9.Bf1 a6 10.d5 cxd5 11.cxd5 h6 12.a4 Ne8 13.a5 f5 14.Nd2 b5 15.axb6 Nxb6
16.exf5 gxf5 17.Nb3 Kh8 18.Nd2 Kg8 19.Nb3 Kh8 20.f4 Nc7 21.Na5 Bd7 22.Be3 Rb8
23.fxe5 dxe5 24.Kh1 Nb5 25.Nxb5 axb5 26.b4 Qf6 27.Rc1 f4 28.Bc5 Rfd8 29.Qf3 Na4
30.Bd3 Bf5  1-0